| 000 | 01503nam a2200337Ia 4500 | ||
|---|---|---|---|
| 005 | 20220317000459.0 | ||
| 008 | 160315s2011 sp g 000 0 spa | ||
| 020 | _a9788484327905 | ||
| 082 | 0 | 4 |
_a153.9 _bS13d |
| 100 | 1 |
_aSagan, Carl, _d1934-1996 |
|
| 245 | 1 | 4 |
_aLos dragones del edén _bespeculaciones sobre la evolución de la inteligencia humana _cCarl Sagan ; traducido por Rafael Andreu |
| 250 |
_a1a. edición _b7a. reimpresión |
||
| 300 |
_a259 páginas _bilustraciones en blanco y negro _c19 cm |
||
| 490 |
_aDrakontos bolsillo _v5 |
||
| 500 | _aIncluye datos biográficos del autor | ||
| 500 | _aIncluye índice alfabético y glosario de voces técnicas | ||
| 504 | _aIncluye bibliografía | ||
| 505 | _aEl calendario cósmico -- Genes y cerebros -- El cerebro y el carro -- El Edén como metáfora. La evolución del hombre -- Las abstracciones de los brutos -- Relatos del oscuro paraíso --Amantes y locos -- La evolución futura del cerebro -- Nuestro destino es el conocimiento. Inteligencia terrestre y extraterrestre | ||
| 534 | _tThe Dragons of Eden | ||
| 650 | 1 | 4 |
_2LEMB _aPsicología genética |
| 650 | 1 | 4 |
_2LEMB _aCerebro |
| 650 | 1 | 4 |
_2LEMB _aMente y cuerpo |
| 650 | 1 | 4 |
_2LEMB _aEvolución humana |
| 700 | 1 |
_aAndreu, Rafael _etraductor _953401 |
|
| 942 |
_2ddc _cBK |
||
| 264 |
_aBarcelona _bCrítica _c2011 |
||
| 336 |
_atexto _btxt _2rdacontent |
||
| 337 |
_asin mediación _bn _2rdamedia |
||
| 338 |
_avolumen _bnc _2rdacarrier |
||
| 040 |
_aCO-BoRNBP _bspa _erda _cCO-BoRNBP |
||
| 999 |
_c4167 _d4167 |
||